Film ayant reçu la palme d'or - mort subite - Statistiques

Statistiques générales
  • Ce quiz a été pris 123 fois
  • Le résultat moyen est 7 sur 15
Answers on the Grid
Answers color-coded by a green-red scale on the quiz's grid according to % correct below.
Taxi Driver
Zodiac
Anora
La nuit nous appartient
Pulp Fiction
La sentinelle
Parasite
Titane
Ed Wood
Elle
Juste la fin du monde
Blow-Up
Inglorious Basterds
Le pianiste
La nuit de San Lorenzo
Quand passent les cigognes
L'épouvantail
Le musée des merveilles
Naked
M.A.S.H
L'anguille
Old boy
Carol
Faute d'amour
Pelle le conquérant
Barton Fink
Birdy
Le messager
Les Enfants Volés
Underground
 
Statistiques - réponses
Réponse % Correct
Parasite
79%
Taxi Driver
79%
Pulp Fiction
73%
Titane
70%
Anora
67%
Le pianiste
61%
Blow-Up
43%
M.A.S.H
39%
Quand passent les cigognes
34%
Barton Fink
33%
Underground
24%
L'anguille
23%
Pelle le conquérant
20%
L'épouvantail
17%
Le messager
14%
Aucun quiz correspondant
Distribution des résultats
% des personnes avec chaque résultat
Percentile par nombre de réponses
Votre historique - résultats
Vous n’avez pas pris ce quiz